000 00533nam a2200217Ia 4500
005 20241216010233.0
008 180423s9999||||xx |||||||||||||| ||und||
020 _a0-471-18753-4
082 _a721.1
_bC86
100 _aCRIMMMINS, ROBERT Y OTROS
245 0 _aCONSTRUCTION ROCK WORK GUIDE
250 _a0
260 _aNEW YORK-LONDON-SYDNEY
_bWILEY-INTERSCIENCE
_c1972
300 _a241 pag.
_c23 cm
341 _h0
490 _v0
_a0
541 _aC
_d06-Feb-00
650 _aARTE
856 _zHumanidades
942 _cLIBRO
999 _c9122
_d9122